An introduction to the WTO Agreements

Bibliographic Details
Main Author: DAS
Corporate Author: World Trade Organization
Format: Book
Published: Pulau Pinang : Third World Network , 1998
Subjects:

MARC

LEADER 00000cam a2200000 7i4500
001 0000001414
005 20010621.0
020 0 0 |a 9839747274 
090 0 0 |a 382.92   |b DAS 1998 
100 1 0 |a DAS   |h Bhagirath Lal 
245 1 3 |a An introduction to the WTO Agreements   |c Bhagirath Lal Das 
260 0 0 |a Pulau Pinang :   |b Third World Network ,   |c 1998 
300 |a xii, 138 p. ;   |c 24 cm. 
650 0 0 |a Competition, Unfair   |x Developing countries 
650 0 0 |a Foreign trade regulation 
650 0 0 |a Free trade   |x Developing countries 
650 0 0 |a International trade 
650 0 0 |a Tariff 
710 1 1 |a World Trade Organization 
745 0 0 |a Uruguay Round (1987 : Punta del Este, Uruguay and Geneva, Switzerland) 
998 |a JPSM 
999 |a 0000002432   |b Monograph   |c Open Shelf   |e Default branch